000 01115nam a22002657a 4500
005 20170124103222.0
010 _aA-670263
020 _c50.00
035 _aA-670263
037 _bCen Lib/Ret
040 _aDPL
_bHN
082 _2827
_aशुक्लके
100 _aशुक्ला, केशव
_9116908
245 _aशनिचरी मत जइयो /
_cकेशव शुक्ला
246 _aSanichari mat jaiyo /
_bby Keshav Shukla
260 _aमध्य प्रदेश
_bश्री प्रकाशन
_c1993
270 _a एच 24/7 सिविल लाइन कसारिडह
_bकसारिडह , मध्य प्रदेश
_e461001
300 _a90पृ. :
_c20सेमी(सजिल्द)
500 _aअनुक्रमणिका शामिल
650 _aहिंदी साहित्य
_9116909
650 _aप्रसाद साहित्य
_9116910
650 _aHindi literature
_9116911
650 _aPrasad literature
_99508
942 _2ddc
_cHN
_h827
_mशुक्लके
999 _c121944
_d121944